Statistics for Random typing #1 - Fast

Click here to take the quiz!

General Stats

  • This quiz has been taken 26 times
  • The average score is 10 of 10

Answer Stats

WordAnswer% Correct
AppreciateAppreciate
100%
EarthEarth
100%
EvilEvil
100%
FastFast
100%
HumanityHumanity
100%
QuizzesQuizzes
100%
WolvesWolves
100%
CountryCountry
90%
DeadDead
90%
PeoplePeople
85%

Score Distribution

Percentile by Number Answered

Percent of People with Each Score

Your Score History

You have not taken this quiz